00622nam a2200193Ia 450000500170000000800410001704100080005808200150006610000120008124500620009326000150015530000090017050000280017965000280020770000120023594200070024799900170025495201570027120230306144531.0230125s9999 xx 000 0 und d aeng a158.1bDAT aDatye V aHi,There : Stories and thoughts from my corporate journey c2021aPune a144p aPersonality Development aPersonality Development aDatye V cBK c97009d97009 00104070aHIMRbHIMRd2021-11-01eSatya Gilanig1.00l1o158.1 DAT DB2990pHIMR-DB-2990r2024-03-13 00:00:00s2024-03-06v1.00w2023-01-25yDBzDB2990